00575nam a22001217a 4500999001700000082001200017100005700029245016700086260006700253300001500320942001200335952010600347 c39591d39591 aRQ.0009 a Somashekharappa, C.A.uKarnatak UniversityvDharwad aReport of the Major Research Project on Technology and Women :bA Sociological study of the impact of Bio-Gas Project on Women in Karnataka/cC.A, Somashekharappa a Karnatak:b Indian Council of Social Science Research,c2002 aviii,186p. 2ddccRP 001040718MRPaNASSDOCbNASSDOCd2024-04-27l0oRQ.0009p53855r2024-04-27 00:00:00w2024-04-27yRP